Joy Division — Guess the Song - Statistics

General Stats
  • This quiz has been taken 243 times
  • The average score is 15 of 26
Answer Stats
Songs % Correct
S{he}'{s} L{ost} C{ontrol}
91%
L{ove} W{ill} T{ear} U{s} A{part}
88%
W{arsa}w
86%
D{isorde}r
82%
A{trocity} E{xhibition}
70%
N{ew} D{awn} F{ades}
69%
D{ead} S{ouls}
66%
I R{emember} N{othing}
65%
Is{olatio}n
65%
N{o} L{ove} L{ost}
65%
I{nter}z{one}
62%
D{ay} o{f} t{he} L{ords}
61%
S{hadow}p{la}y
59%
T{rans}m{issio}n
58%
C{o}l{on}y
56%
T{he} E{ternal}
55%
A{tmos}p{her}e
52%
D{ecade}s
46%
D{igita}l
46%
H{eart} a{nd} S{oul}
45%
In{cu}b{atio}n
45%
N{ovelt}y
45%
Au{to}s{uggestio}n
43%
K{oma}k{in}o
42%
I{nsigh}t
37%
F{ai}l{ure}s
31%
No matching quizzes found
Score Distribution
Percent of People with Each Score
Percentile by Number Answered
Your Score History
You have not taken this quiz